000 01179pam a2200373 i 4500
999 _c416
_d416
001 020468549
003 UkOxU
005 20190814103737.0
008 150422r20151995enkb 000 0aeng d
015 _aGBB570619
_2bnb
020 _a9781784161194 (paperback) :
035 _a(Uk)017381402
040 _aStDuBDS
_beng
_erda
_cStDuBDS
_dUk
042 _aukblsr
082 0 4 _a914.104 BRY
_223
100 1 _aBryson, Bill,
_eauthor.
245 1 0 _aNotes from a small island :
_bjourney through Britain /
_cBill Bryson.
246 _aSmall island
264 1 _aLondon :
_bBlack Swan,
_c2015.
264 4 _c©1995
300 _a378 pages :
_b1 map (black and white) ;
_c20 cm
336 _atext
_2rdacontent
337 _aunmediated
_2rdamedia
338 _avolume
_2rdacarrier
500 _aOriginally published: London : Doubleday, 1995.
500 _aFormerly CIP.
_5Uk
530 _aAlso issued online.
600 1 0 _aBryson, Bill
_xTravel
_zGreat Britain.
651 0 _aGreat Britain
_xCivilization
_y20th century.
651 0 _aGreat Britain
_xDescription and travel.
942 _2ddc
_cNFIC